| 000 | 00936nam a22002897a 4500 | ||
|---|---|---|---|
| 003 | CHAP | ||
| 005 | 20220329135347.0 | ||
| 008 | 971013s1989 r 00010 d | ||
| 010 | _a35044 | ||
| 011 | _a36016 | ||
| 035 | _a40135 | ||
| 040 | _cCHAP | ||
| 090 | _aFolleto 12235 | ||
| 100 | 0 | 0 |
_aOntañón Moreno, Víctor. _983328 |
| 245 |
_aNada nuevo hay bajo el sol, salvo que se ha olvidado _b: pasado, presente y futuro de las virtudes medicinales del Allium sativum, alias ajo |
||
| 260 |
_aChapingo, Méx. : _bEl autor?, _c1989 |
||
| 300 | _a19 h. | ||
| 590 |
_aBATCH-UPD _b10 _c20130110 _lUCH01 _h1135 |
||
| 590 |
_aBATCH-UPD _b10 _c20130410 _lUCH01 _h0723 |
||
| 590 |
_aBATCH-UPD _b10 _c20130913 _lUCH01 _h2337 |
||
| 590 |
_aCONVERSION _b10 _c20130109 _lUCH01 _h1320 |
||
| 650 | 1 | 4 |
_aAjo. _93170 |
| 650 | 1 | 4 |
_aBotánica médica. _914680 |
| 901 | _aBK | ||
| 942 | _cFOLL | ||
| 949 |
_aFolleto 12235 _bBC _cFOLL _d-91710 _eTS1 _i40135 _si |
||
| 999 |
_c35044 _d35044 |
||